000
00265nam a2200121 a 4500
008
090929s |||| d
100
1
_a
Brinková,C.R.
245
1
0
_a
Caddie
260
_b
Mladé letá
_a
Bratislava
041
_a
slo
044
_a
xo
_c
SK
080
_a
820/087.5/
999
_c
7
_d
7